Les Scouts en images (Belgique) - Statistiques

Statistiques générales
  • Ce quiz a été pris 7 fois
  • Le résultat moyen est 9 sur 16
Statistiques - réponses
Par images Hint Réponse % Correct
branche louveteaux
100%
construction pilotis
100%
branche pionniers
100%
branche baladins
86%
branche éclaireurs
86%
cadre imaginaire le livre de la jungle
86%
cérémonie promesse
86%
moment rassemblement
71%
créateur Baden Powell
57%
récompense buchettes
57%
événement (2018) BeSCOUT
29%
lieu château de Courrière
29%
outil pédagogique balise
14%
cadre imaginaire le monde de Nyeri
14%
président fédéral Benjamin Visée
0%
cadre imaginaire la légende des baladins
0%
Aucun quiz correspondant
Distribution des résultats
% des personnes avec chaque résultat
Percentile par nombre de réponses
Votre historique - résultats
Vous n’avez pas pris ce quiz